000 00759nam a2200253 a 4500
001 10527
003 BD-RjUL
005 20211208234953.0
008 161016s1972 nyua b 001 0 eng
020 _a0121443051 (v. 5)
035 _a(BD-RjUL)10575
040 _aDLC
_cDLC
_dDLC
_dBD-RjUL
_beng
041 _aeng
082 0 0 _223
_a539.76
_bHIG 1972
245 1 0 _aHigh energy physics /
_cedited by E. H. S. Burhop.
260 _aNew York :
_bAcademic Press,
_cc1967, 1972.
300 _av.
_bill. ;
_c23 cm.
504 _aIncludes bibliographies and index.
505 0 _avol. 1-- v. 2-- v. 3-- v. 5--
650 0 _aHigh energy physics
_932544
700 _aBurhop, E. H. S.
_925747
942 _2ddc
_cBK
999 _c10527
_d10527